Fr. Conceicao Rodrigues College of Engineering

UP UP Up staying in a down down world (Record no. 33112)

MARC details
000 -LEADER
fixed length control field 00281nam a2200133Ia 4500
082 ## - DEWEY DECIMAL CLASSIFICATION NUMBER
Classification number 226.8/ZIG
100 ## - MAIN ENTRY--PERSONAL NAME
Personal name Zig Ziglar
245 ## - TITLE STATEMENT
Title UP UP Up staying in a down down world
260 ## - PUBLICATION, DISTRIBUTION, ETC.
Name of publisher, distributor, etc. Magna Publishers
546 ## - LANGUAGE NOTE
Language note ENGLISH
650 ## - SUBJECT ADDED ENTRY--TOPICAL TERM
Topical term or geographic name entry element General
942 ## - ADDED ENTRY ELEMENTS (KOHA)
Koha item type BOOK
Holdings
Withdrawn status Lost status Damaged status Not for loan Collection Home library Current library Date acquired Total Checkouts Full call number Barcode Date last seen Price effective from Koha item type
        CRC Fr. Agnel's C.Rodrigues College of Engineering Fr. Agnel's C.Rodrigues College of Engineering 17/03/2023   226.8/ZIG 18757 17/03/2023   BOOK